<?xml version="1.0" encoding="UTF-8"?>
<record
    xmlns:xsi="http://www.w3.org/2001/XMLSchema-instance"
    xsi:schemaLocation="http://www.loc.gov/MARC21/slim http://www.loc.gov/standards/marcxml/schema/MARC21slim.xsd"
    xmlns="http://www.loc.gov/MARC21/slim">

  <leader>00619nam a22002417a 4500</leader>
  <controlfield tag="003">UA-OsUOA</controlfield>
  <controlfield tag="001"> 21257 </controlfield>
  <controlfield tag="007">ta</controlfield>
  <controlfield tag="008">20031125b un ||||| |||| 00| 0 ukr d</controlfield>
  <datafield tag="100" ind1=" " ind2=" ">
    <subfield code="a">&#x413;&#x43E;&#x440;&#x456;&#x43B;&#x438;&#x439; &#x410;.&#x413;.</subfield>
  </datafield>
  <datafield tag="090" ind1=" " ind2=" ">
    <subfield code="a">331.5(075.8)</subfield>
    <subfield code="b">&#x413;69</subfield>
  </datafield>
  <datafield tag="942" ind1=" " ind2=" ">
    <subfield code="c">BK</subfield>
  </datafield>
  <datafield tag="040" ind1=" " ind2=" ">
    <subfield code="a">UA-OsUOA</subfield>
    <subfield code="b">ukr</subfield>
    <subfield code="c">UA-OsUOA</subfield>
    <subfield code="d">UA-OsUOA</subfield>
  </datafield>
  <datafield tag="245" ind1=" " ind2=" ">
    <subfield code="a">&#x415;&#x43A;&#x43E;&#x43D;&#x43E;&#x43C;&#x456;&#x43A;&#x430; &#x440;&#x438;&#x43D;&#x43A;&#x456;&#x432; &#x43F;&#x440;&#x430;&#x446;&#x456;</subfield>
    <subfield code="b">&#x41D;&#x430;&#x432;&#x447;&#x430;&#x43B;&#x44C;&#x43D;&#x438;&#x439; &#x43F;&#x43E;&#x441;&#x456;&#x431;&#x43D;&#x438;&#x43A;</subfield>
  </datafield>
  <datafield tag="300" ind1=" " ind2=" ">
    <subfield code="a">156 &#x441;.</subfield>
  </datafield>
  <datafield tag="955" ind1=" " ind2=" ">
    <subfield code="a">0</subfield>
  </datafield>
  <datafield tag="041" ind1=" " ind2=" ">
    <subfield code="a">ukr</subfield>
  </datafield>
  <datafield tag="080" ind1=" " ind2=" ">
    <subfield code="a">331.5(075.8)</subfield>
  </datafield>
  <datafield tag="260" ind1=" " ind2=" ">
    <subfield code="a">&#x422;&#x435;&#x440;&#x43D;&#x43E;&#x43F;&#x456;&#x43B;&#x44C;</subfield>
    <subfield code="b">&#x41A;&#x430;&#x440;&#x43F;'&#x44E;&#x43A;&#x430;</subfield>
    <subfield code="c">1999</subfield>
  </datafield>
  <datafield tag="044" ind1=" " ind2=" ">
    <subfield code="a">UA</subfield>
  </datafield>
  <datafield tag="650" ind1=" " ind2="7">
    <subfield code="2">UDC</subfield>
  </datafield>
  <datafield tag="999" ind1=" " ind2=" ">
    <subfield code="c">307450</subfield>
    <subfield code="d">307450</subfield>
  </datafield>
  <datafield tag="952" ind1=" " ind2=" ">
    <subfield code="0">0</subfield>
    <subfield code="1">0</subfield>
    <subfield code="2">udc</subfield>
    <subfield code="4">0</subfield>
    <subfield code="7">0</subfield>
    <subfield code="a">102</subfield>
    <subfield code="b">102</subfield>
    <subfield code="d">2003-11-25</subfield>
    <subfield code="g">23.00</subfield>
    <subfield code="i">65531</subfield>
    <subfield code="l">0</subfield>
    <subfield code="o">331.5(075.8) &#x413;69</subfield>
    <subfield code="p">65531</subfield>
    <subfield code="r">2022-09-13 00:00:00</subfield>
    <subfield code="w">2003-11-25</subfield>
    <subfield code="y">BK</subfield>
  </datafield>
  <datafield tag="952" ind1=" " ind2=" ">
    <subfield code="0">0</subfield>
    <subfield code="1">0</subfield>
    <subfield code="2">udc</subfield>
    <subfield code="4">0</subfield>
    <subfield code="7">0</subfield>
    <subfield code="a">102</subfield>
    <subfield code="b">102</subfield>
    <subfield code="d">2003-11-25</subfield>
    <subfield code="g">23.00</subfield>
    <subfield code="i">65532</subfield>
    <subfield code="l">0</subfield>
    <subfield code="o">331.5(075.8) &#x413;69</subfield>
    <subfield code="p">65532</subfield>
    <subfield code="r">2022-02-07 00:00:00</subfield>
    <subfield code="w">2003-11-25</subfield>
    <subfield code="y">BK</subfield>
  </datafield>
  <datafield tag="952" ind1=" " ind2=" ">
    <subfield code="0">0</subfield>
    <subfield code="1">0</subfield>
    <subfield code="2">udc</subfield>
    <subfield code="4">0</subfield>
    <subfield code="7">0</subfield>
    <subfield code="a">102</subfield>
    <subfield code="b">102</subfield>
    <subfield code="d">2003-11-25</subfield>
    <subfield code="g">23.00</subfield>
    <subfield code="i">65533</subfield>
    <subfield code="l">0</subfield>
    <subfield code="o">331.5(075.8) &#x413;69</subfield>
    <subfield code="p">65533</subfield>
    <subfield code="r">2022-02-07 00:00:00</subfield>
    <subfield code="w">2003-11-25</subfield>
    <subfield code="y">BK</subfield>
  </datafield>
</record>
